[Event "Reykjavik Open 2010"]
[Site "Reykjavik City Hall"]
[Date "2010.02.24"]
[Round "1.1"]
[White "Baklan, Vladimir"]
[Black "Bick, John D"]
[Result "1-0"]
[WhiteElo "2654"]
[BlackElo "2248"]
[PlyCount "49"]
[EventDate "2010.02.24"]

1. e4 e5 2. Nf3 Nf6 3. Nxe5 d6 4. Nf3 Nxe4 5. d4 d5 6. Bd3 Bd6 7. O-O O-O 8. c4
c6 9. Nc3 Nxc3 10. bxc3 dxc4 11. Bxc4 Bg4 12. h3 Bh5 13. Rb1 b5 14. Bd3 Nd7 15.
a4 bxa4 16. g4 Bg6 17. Bxg6 fxg6 18. Ng5 Qa5 19. Qe2 Rae8 20. Qa2+ Qd5 21. c4
Qxd4 22. c5+ Qd5 23. Qxd5+ cxd5 24. cxd6 h6 25. Rb7 1-0

[Event "Reykjavik Open 2010"]
[Site "Reykjavik City Hall"]
[Date "2010.02.24"]
[Round "1.3"]
[White "Sokolov, Ivan"]
[Black "Steil-Antoni, Fiona"]
[Result "1-0"]
[WhiteElo "2649"]
[BlackElo "2198"]
[PlyCount "53"]
[EventDate "2010.02.24"]

1. d4 d6 2. Bg5 Nf6 3. Bxf6 exf6 4. e3 g6 5. g3 Bg7 6. Bg2 c6 7. Ne2 O-O 8. c4
f5 9. Nbc3 Nd7 10. b4 Nf6 11. O-O Re8 12. Qd3 Qe7 13. Rab1 Bd7 14. Rb3 a6 15.
a4 Be6 16. Nf4 Rad8 17. Rd1 d5 18. cxd5 Nxd5 19. Nfxd5 Bxd5 20. Nxd5 cxd5 21.
b5 a5 22. b6 Qd7 23. Rb5 Bf8 24. Rxa5 Ra8 25. Qd2 Rxa5 26. Qxa5 Rd8 27. Rc1 1-0

[Event "Reykjavik Open 2010"]
[Site "Reykjavik City Hall"]
[Date "2010.02.24"]
[Round "1.7"]
[White "Hillarp Persson, Tiger"]
[Black "Bjarnason, Saevar"]
[Result "1-0"]
[WhiteElo "2581"]
[BlackElo "2164"]
[PlyCount "75"]
[EventDate "2010.02.24"]

1. e4 e6 2. d4 d5 3. Nd2 c5 4. Ngf3 Nc6 5. exd5 exd5 6. Bb5 Bd6 7. dxc5 Bxc5 8.
O-O Nge7 9. Nb3 Bb6 10. Re1 O-O 11. Be3 Bxe3 12. Rxe3 a6 13. Bxc6 bxc6 14. Qd2
Nf5 15. Rc3 Bd7 16. Ne5 Qc8 17. Nc5 Be8 18. Re1 f6 19. Nf3 Bf7 20. Nd4 Nxd4 21.
Qxd4 Re8 22. Rxe8+ Qxe8 23. Re3 Qd8 24. h3 a5 25. c3 Ra7 26. a4 Qb8 27. b4 Qb6
28. Rg3 Bg6 29. Qe3 Qb8 30. Qe6+ Kh8 31. Qxc6 Be8 32. Qxd5 axb4 33. cxb4 Qxb4
34. Qd8 Qe1+ 35. Kh2 Re7 36. Nd3 Qe2 37. a5 Rd7 38. Qb8 1-0

[Event "Reykjavik Open 2010"]
[Site "Reykjavik City Hall"]
[Date "2010.02.24"]
[Round "1.8"]
[White "Ni, Viktorija"]
[Black "Gupta, Abhijeet"]
[Result "0-1"]
[WhiteElo "2162"]
[BlackElo "2577"]
[PlyCount "62"]
[EventDate "2010.02.24"]

1. d4 d5 2. c4 c6 3. Nc3 Nf6 4. e3 g6 5. Nf3 Bg7 6. Bd3 O-O 7. O-O a6 8. Qc2
dxc4 9. Bxc4 Bf5 10. Bd3 Bxd3 11. Qxd3 c5 12. Rd1 Nbd7 13. Bd2 cxd4 14. exd4
Rc8 15. Bg5 Nb6 16. Ne4 Nbd5 17. Nc5 Qb6 18. Ne5 Rfd8 19. Nc4 Qc7 20. Rac1 h6
21. Bh4 b6 22. Bg3 Qa7 23. Ne4 Nh5 24. Qb3 b5 25. Ne5 Rxc1 26. Rxc1 Qxd4 27.
Nc6 Rc8 28. Qf3 Qb6 29. Nd6 Rxc6 30. Qxf7+ Kh7 31. Re1 Nxg3 0-1

[Event "Reykjavik Open 2010"]
[Site "Reykjavik City Hall"]
[Date "2010.02.24"]
[Round "1.9"]
[White "Stefansson, Hannes"]
[Black "Hjartarson, Bjarni"]
[Result "1-0"]
[WhiteElo "2574"]
[BlackElo "2162"]
[PlyCount "97"]
[EventDate "2010.02.24"]

1. e4 c5 2. Nf3 Nc6 3. d4 cxd4 4. Nxd4 Nf6 5. Nc3 e5 6. Ndb5 d6 7. Bg5 a6 8.
Na3 b5 9. Nd5 Be7 10. Bxf6 Bxf6 11. c4 b4 12. Nc2 Rb8 13. g3 O-O 14. b3 Bg5 15.
Bg2 a5 16. h4 Bh6 17. O-O g6 18. a3 bxa3 19. Rxa3 Bg7 20. Nc3 Nd4 21. Nxd4 exd4
22. Nb5 Qb6 23. Qd2 Ba6 24. Rxa5 Bxb5 25. Rxb5 Qa7 26. Ra5 Qb6 27. Rb1 Rfc8 28.
Ra4 Rc7 29. Qa2 Be5 30. Kh2 h6 31. Bf1 Qc6 32. Bd3 Qd7 33. Kg2 g5 34. h5 g4 35.
b4 Qe7 36. Qd2 Kh7 37. b5 Rb6 38. Ra8 Ra7 39. Rxa7 Qxa7 40. Qd1 Qd7 41. Be2 Qb7
42. Kg1 Kg7 43. Bd3 Qd7 44. Ra1 Rb8 45. Ra6 Kf6 46. c5 Kg5 47. c6 Qc7 48. Qc1+
Kxh5 49. b6 1-0

[Event "Reykjavik Open 2010"]
[Site "Reykjavik City Hall"]
[Date "2010.02.24"]
[Round "1.10"]
[White "Ocantos, Manuel"]
[Black "Lenderman, Alex"]
[Result "0-1"]
[WhiteElo "2158"]
[BlackElo "2560"]
[PlyCount "62"]
[EventDate "2010.02.24"]

1. e4 c6 2. d4 d5 3. e5 Bf5 4. Nc3 e6 5. g4 Bg6 6. Nge2 Nd7 7. h4 h5 8. Nf4 Ne7
9. Nxg6 Nxg6 10. Bg5 Qb6 11. gxh5 Rxh5 12. Na4 Qa5+ 13. c3 Rh8 14. h5 Ngxe5 15.
dxe5 b5 16. b4 Qxa4 17. Qxa4 bxa4 18. Bf4 g6 19. Ba6 Rb8 20. h6 a3 21. Be2 c5
22. bxc5 Bxc5 23. c4 dxc4 24. Rc1 c3 25. h7 Rb2 26. Rh3 Rxa2 27. Bb5 Rb2 28.
Ba4 a2 29. Bg5 Rb1 30. Bxd7+ Kxd7 31. Rd3+ Kc6 0-1

[Event "Reykjavik Open 2010"]
[Site "Reykjavik City Hall"]
[Date "2010.02.24"]
[Round "1.11"]
[White "Maze, Sebastien"]
[Black "Player, Edmund C"]
[Result "1/2-1/2"]
[WhiteElo "2554"]
[BlackElo "2156"]
[PlyCount "125"]
[EventDate "2010.02.24"]

1. e4 e6 2. d4 d5 3. Nc3 Bb4 4. exd5 exd5 5. Bd3 c5 6. a3 Bxc3+ 7. bxc3 c4 8.
Be2 Ne7 9. h4 Nd7 10. h5 Nf6 11. f3 Qc7 12. Qd2 Qg3+ 13. Kf1 Bf5 14. Bd1 O-O
15. h6 g6 16. Qg5 Qd6 17. Bf4 Qe6 18. g4 Nxg4 19. fxg4 Be4 20. Qh4 g5 21. Qxg5+
Ng6 22. Bf3 f5 23. Re1 fxg4 24. Bxg4 Qf6 25. Bf3 Qxf4 26. Qxf4 Rxf4 27. Ke2 Re8
28. Kd2 Re7 29. Bxe4 Rexe4 30. Nh3 Rf7 31. Ng5 Rxe1 32. Rxe1 Rf2+ 33. Kd1 Rf6
34. Ne6 Kf7 35. Ng5+ Kg8 36. a4 Nf8 37. Re5 Rxh6 38. Rxd5 Ra6 39. a5 h5 40. Nh3
Rh6 41. Rc5 h4 42. Rxc4 Rc6 43. Rxc6 bxc6 44. Kd2 Kf7 45. Ke3 Ke6 46. Ke4 Kd6
47. c4 Ne6 48. c3 a6 49. Ke3 Nd8 50. c5+ Kd7 51. Nf4 Nb7 52. Kf3 Nxa5 53. Kg4
Nb3 54. Kxh4 a5 55. Kg4 Nc1 56. Ng6 Ne2 57. Ne5+ Kc7 58. Nc4 a4 59. Kf3 Nxc3
60. Ke3 Nd5+ 61. Ke4 a3 62. Nxa3 Nb4 63. d5 1/2-1/2

[Event "Reykjavik Open 2010"]
[Site "Reykjavik City Hall"]
[Date "2010.02.24"]
[Round "1.13"]
[White "Nataf, Igor-Alexandre"]
[Black "Ragnarsson, Johann"]
[Result "1-0"]
[WhiteElo "2534"]
[BlackElo "2140"]
[PlyCount "69"]
[EventDate "2010.02.24"]

1. e4 c6 2. d4 d5 3. e5 c5 4. Nf3 Nc6 5. c4 Bg4 6. cxd5 Qxd5 7. Nc3 Bxf3 8.
Nxd5 Bxd1 9. Nc7+ Kd8 10. Nxa8 Bh5 11. d5 Nb4 12. Be3 Nc2+ 13. Kd2 Nxe3 14.
fxe3 g5 15. Rc1 Bg7 16. e6 Nf6 17. Bd3 b6 18. b4 Nxd5 19. bxc5 Be5 20. cxb6
axb6 21. Bf5 Bg6 22. Bxg6 hxg6 23. Rc6 fxe6 24. Nxb6 Nxb6 25. Rxb6 Kd7 26. Rb5
Bd6 27. Rxg5 Ra8 28. Rxg6 Rxa2+ 29. Kd3 e5 30. h4 Ra4 31. h5 e4+ 32. Kc2 Ra2+
33. Kb3 Ra3+ 34. Kc4 Rxe3 35. Rxd6+ 1-0

[Event "Reykjavik Open 2010"]
[Site "Reykjavik City Hall"]
[Date "2010.02.24"]
[Round "1.14"]
[White "Andersson, Christin"]
[Black "Miezis, Normunds"]
[Result "1/2-1/2"]
[WhiteElo "2135"]
[BlackElo "2533"]
[PlyCount "139"]
[EventDate "2010.02.24"]

1. e4 c5 2. Nf3 e6 3. d4 cxd4 4. Nxd4 Nc6 5. Be3 Nf6 6. Nd2 e5 7. Nxc6 dxc6 8.
Qf3 Qc7 9. Qg3 Be6 10. Bd4 Nd7 11. Bc4 Qd6 12. Bc3 b5 13. Bxe6 Qxe6 14. f4 exf4
15. Qxf4 b4 16. Bd4 c5 17. Be3 g6 18. O-O Bg7 19. Rab1 O-O 20. Nf3 Rac8 21.
Rbd1 Ne5 22. Rd5 Nxf3+ 23. Qxf3 Bxb2 24. Rxc5 Qxa2 25. Rb5 Bg7 26. Rxb4 a5 27.
Rbb1 Rxc2 28. Bf4 Qc4 29. Rb7 Qd4+ 30. Be3 Qd3 31. Rxf7 Qxf1+ 32. Qxf1 Rxf7 33.
Qb5 Rb2 34. Qe8+ Rf8 35. Qe6+ Kh8 36. h3 a4 37. Qd6 Rf6 38. Qd8+ Rf8 39. Qd6
Rb7 40. Bd4 Re8 41. e5 Rb1+ 42. Kf2 Rbb8 43. e6 Rbd8 44. Bxg7+ Kxg7 45. Qc7+
Kh8 46. Qe5+ Kg8 47. Qc7 Rf8+ 48. Kg3 Ra8 49. e7 Rfc8 50. Qe5 a3 51. Qe6+ Kg7
52. Qe5+ Kf7 53. Qd5+ Kxe7 54. Qe5+ Kf7 55. Qd5+ Kg7 56. Qe5+ Kh6 57. Qf4+ Kg7
58. Qe5+ Kf7 59. Qd5+ Ke7 60. Qe5+ Kd8 61. Qd5+ Kc7 62. Qc5+ Kb7 63. Qb5+ Kc7
64. Qc5+ Kd8 65. Qd6+ Ke8 66. Qe5+ Kf7 67. Qd5+ Kf8 68. Qd6+ Kg7 69. Qe7+ Kg8
70. Qe6+ 1/2-1/2

[Event "Reykjavik Open 2010"]
[Site "Reykjavik City Hall"]
[Date "2010.02.24"]
[Round "1.15"]
[White "Kogan, Artur"]
[Black "Ingvason, Johann"]
[Result "1-0"]
[WhiteElo "2524"]
[BlackElo "2132"]
[PlyCount "45"]
[EventDate "2010.02.24"]

1. e4 e6 2. d4 d5 3. Nd2 g6 4. c3 Bg7 5. Ngf3 Ne7 6. Bd3 b6 7. h4 h5 8. Qe2 c5
9. e5 Nbc6 10. a3 a5 11. Nf1 Qc7 12. Bg5 Nf5 13. Ne3 Nfxd4 14. cxd4 Nxd4 15.
Nxd4 cxd4 16. Bb5+ Bd7 17. Nxd5 exd5 18. e6 f6 19. exd7+ Kf7 20. Rc1 Qd6 21.
Rc6 Qe7 22. Qxe7+ Kxe7 23. Bf4 1-0

[Event "Reykjavik Open 2010"]
[Site "Reykjavik City Hall"]
[Date "2010.02.24"]
[Round "1.16"]
[White "Omarsson, Dadi"]
[Black "Grandelius, Nils"]
[Result "1/2-1/2"]
[WhiteElo "2131"]
[BlackElo "2515"]
[PlyCount "46"]
[EventDate "2010.02.24"]

1. e4 c5 2. Nf3 d6 3. d4 cxd4 4. Nxd4 Nf6 5. Nc3 e6 6. g4 h6 7. h4 Nc6 8. Rg1
d5 9. Bb5 Bd7 10. exd5 Nxd5 11. Nxd5 exd5 12. Qe2+ Be7 13. Be3 Qa5+ 14. c3
O-O-O 15. Nb3 Qc7 16. O-O-O Bxh4 17. Rxd5 b6 18. Qc4 Nb8 19. Rxd7 Rxd7 20.
Bxd7+ Nxd7 21. Qxf7 Ne5 22. Qf5+ Kb7 23. Rd1 Re8 1/2-1/2

[Event "Reykjavik Open 2010"]
[Site "Reykjavik City Hall"]
[Date "2010.02.24"]
[Round "1.17"]
[White "Romanishin, Oleg M"]
[Black "De Andres Gonalons, Fernando"]
[Result "1-0"]
[WhiteElo "2512"]
[BlackElo "2124"]
[PlyCount "41"]
[EventDate "2010.02.24"]

1. Nf3 d5 2. d4 e6 3. g3 Nf6 4. Bg2 c5 5. O-O Nc6 6. c4 dxc4 7. Ne5 Bd7 8. Nxc4
cxd4 9. Bf4 Nd5 10. Nd6+ Bxd6 11. Bxd6 Nde7 12. Nd2 O-O 13. Qb3 Re8 14. Qxb7
Qc8 15. Qb3 Nf5 16. Ne4 Rd8 17. Bf4 h6 18. Rac1 Nfe7 19. Qa3 a5 20. Qf3 Be8 21.
Nd6 1-0

[Event "Reykjavik Open 2010"]
[Site "Reykjavik City Hall"]
[Date "2010.02.24"]
[Round "1.18"]
[White "Thorsteinsson, Erlingur"]
[Black "Danielsen, Henrik"]
[Result "0-1"]
[WhiteElo "2123"]
[BlackElo "2495"]
[PlyCount "106"]
[EventDate "2010.02.24"]

1. d4 d6 2. Nf3 g6 3. e4 Nf6 4. Nc3 Bg7 5. Be2 O-O 6. O-O c6 7. Qe1 Qc7 8. Bg5
Nbd7 9. Rd1 b5 10. Bd3 e5 11. Qd2 Bb7 12. Bh6 Rfe8 13. Bxg7 Kxg7 14. Rfe1 a6
15. dxe5 dxe5 16. Qe3 Nf8 17. Ne2 Ne6 18. c3 Ng4 19. Qd2 Rad8 20. h3 Nf6 21.
Qe3 c5 22. Bc2 c4 23. Ng3 Qc5 24. Qc1 h6 25. Rxd8 Rxd8 26. Rd1 Rxd1+ 27. Qxd1
a5 28. Qd2 b4 29. Kf1 b3 30. axb3 cxb3 31. Bb1 a4 32. Kg1 Bc6 33. Ne1 h5 34.
Nf3 Bb5 35. Ng5 Nf4 36. Nf3 Nd7 37. Nh4 Kf8 38. Nf3 Ke8 39. Nh4 Nb6 40. Nf3 Nc4
41. Qc1 Qe7 42. h4 Qd6 43. Kh2 Qc5 44. Kg1 a3 45. bxa3 Qxa3 46. Qe1 Qb2 47. Nf1
Qe2 48. Qxe2 Nxe2+ 49. Kh2 Nxc3 50. Bd3 b2 51. Ne1 Ne3 52. Bxb5+ Nxb5 53. Nd2
Nf1+ 0-1

[Event "Reykjavik Open 2010"]
[Site "Reykjavik City Hall"]
[Date "2010.02.24"]
[Round "1.19"]
[White "Nyzhnyk, Illya"]
[Black "Tozer, Philip"]
[Result "1-0"]
[WhiteElo "2495"]
[BlackElo "2119"]
[PlyCount "67"]
[EventDate "2010.02.24"]

1. e4 e6 2. d4 d5 3. Nc3 Nf6 4. e5 Nfd7 5. f4 c5 6. Nf3 Nc6 7. Be3 cxd4 8. Nxd4
Bc5 9. Qd2 O-O 10. g3 a6 11. Bg2 Nxd4 12. Bxd4 b5 13. Ne2 Qc7 14. O-O-O a5 15.
Kb1 b4 16. Bxc5 Qxc5 17. Nd4 a4 18. g4 Ba6 19. Rhe1 b3 20. cxb3 axb3 21. a3 Nb6
22. f5 Nc4 23. Qc1 Bc8 24. Bf1 Ra4 25. f6 h6 26. fxg7 Kxg7 27. g5 Rh8 28. gxh6+
Rxh6 29. Bd3 Nxa3+ 30. bxa3 Qxc1+ 31. Rxc1 Rxd4 32. Rg1+ Kf8 33. Rxc8+ Ke7 34.
Bb5 1-0

[Event "Reykjavik Open 2010"]
[Site "Reykjavik City Hall"]
[Date "2010.02.24"]
[Round "1.20"]
[White "Bergsson, Stefan"]
[Black "Galego, Luis"]
[Result "1-0"]
[WhiteElo "2079"]
[BlackElo "2487"]
[PlyCount "93"]
[EventDate "2010.02.24"]

1. d4 Nf6 2. Nf3 d6 3. Nc3 c6 4. e4 g6 5. Be2 Bg7 6. a4 O-O 7. O-O Nbd7 8. h3
e5 9. dxe5 dxe5 10. Qd6 Re8 11. Rd1 Bf8 12. Qd2 Bb4 13. Ng5 Qe7 14. Bc4 Rf8 15.
Qe2 h6 16. Nf3 Kg7 17. Na2 Ba5 18. b4 Bc7 19. Qe3 Rh8 20. a5 b5 21. Bf1 a6 22.
c4 Bb7 23. c5 Rad8 24. Bb2 Qe6 25. Nc1 Rhe8 26. Ne2 Nf8 27. Nh4 Rxd1 28. Rxd1
Qa2 29. Ng3 Bc8 30. Bc1 Ng8 31. Be2 Ne6 32. Rd2 Qa1 33. Rd1 Qa2 34. Rd2 Qa1 35.
Rd1 Qa4 36. Qc3 Nd4 37. Rd2 Nxe2+ 38. Nxe2 Nf6 39. Ng3 Rd8 40. Rxd8 Bxd8 41.
Qd2 Bd7 42. Qxh6+ Kg8 43. Nxg6 fxg6 44. Qxg6+ Kf8 45. Bh6+ Ke7 46. Bg5 Ke6 47.
Bxf6 1-0

[Event "Reykjavik Open 2010"]
[Site "Reykjavik City Hall"]
[Date "2010.02.24"]
[Round "1.22"]
[White "Guttulsrud, Odd Martin"]
[Black "Harika, Dronavalli"]
[Result "0-1"]
[WhiteElo "2061"]
[BlackElo "2471"]
[PlyCount "60"]
[EventDate "2010.02.24"]

1. e4 e5 2. Nf3 Nc6 3. Bb5 Nge7 4. O-O g6 5. c3 a6 6. Ba4 Bg7 7. d4 exd4 8.
cxd4 b5 9. Bb3 O-O 10. Nc3 d6 11. h3 Na5 12. Bc2 c5 13. dxc5 dxc5 14. Qxd8 Rxd8
15. Be3 Nc4 16. Bxc5 Nc6 17. Nd5 Be6 18. Nc7 Rac8 19. Nxe6 fxe6 20. Rad1 Nxb2
21. Rxd8+ Nxd8 22. Bb6 Rxc2 23. Bxd8 h6 24. Bb6 Nc4 25. Bd4 Rxa2 26. Rd1 Nd2
27. Bb6 Bc3 28. Nd4 b4 29. Rc1 Nxe4 30. Nxe6 b3 0-1

[Event "Reykjavik Open 2010"]
[Site "Reykjavik City Hall"]
[Date "2010.02.24"]
[Round "1.23"]
[White "Ivanov, Mikhail M"]
[Black "Scholzen, Wolfgang"]
[Result "1-0"]
[WhiteElo "2465"]
[BlackElo "2040"]
[PlyCount "97"]
[EventDate "2010.02.24"]

1. d4 d5 2. Nf3 Nf6 3. c4 e6 4. g3 c6 5. Bg2 Bd6 6. O-O O-O 7. Qc2 Nbd7 8. Nbd2
Re8 9. Rd1 Qe7 10. e4 dxe4 11. Ng5 e5 12. Ndxe4 Nxe4 13. Nxe4 exd4 14. Bg5 f6
15. Nxd6 Qxd6 16. Bf4 Qc5 17. Be4 Nf8 18. b4 Qh5 19. Re1 Bg4 20. Qd3 Ne6 21.
Bd2 f5 22. Bg2 Bh3 23. Bh1 f4 24. c5 fxg3 25. hxg3 Rf8 26. Qb3 Qf7 27. f4 Rad8
28. Re5 Nc7 29. Re7 Qxb3 30. axb3 Rf7 31. Rxf7 Kxf7 32. Rxa7 Rb8 33. Bxc6 Be6
34. Rxb7 Rxb7 35. Bxb7 Bxb3 36. Kf2 Ke6 37. f5+ Kxf5 38. Bf4 Ne6 39. c6 Nxf4
40. c7 Be6 41. gxf4 Kxf4 42. Ke2 Ke5 43. Kd3 Bf5+ 44. Kc4 d3 45. c8=Q Bxc8 46.
Bxc8 d2 47. Bg4 Kd6 48. Kd3 Kc6 49. Kxd2 1-0

[Event "Reykjavik Open 2010"]
[Site "Reykjavik City Hall"]
[Date "2010.02.24"]
[Round "1.26"]
[White "Christensen, Esben"]
[Black "Grover, Sahaj"]
[Result "0-1"]
[WhiteElo "2008"]
[BlackElo "2448"]
[PlyCount "46"]
[EventDate "2010.02.24"]

1. e4 e5 2. Nf3 Nc6 3. Bc4 Nf6 4. d3 Bc5 5. O-O O-O 6. c3 d5 7. exd5 Nxd5 8. b4
Be7 9. Re1 Nb6 10. Bb5 f6 11. Qb3+ Kh8 12. Nbd2 Bd7 13. Bb2 a6 14. Bxc6 Bxc6
15. c4 Qd7 16. d4 Ba4 17. Qc3 exd4 18. Nxd4 Rfe8 19. Ne6 Bc6 20. b5 axb5 21.
cxb5 Bxb5 22. Qxc7 Qxd2 23. Nxg7 Bd6 0-1

[Event "Reykjavik Open 2010"]
[Site "Reykjavik City Hall"]
[Date "2010.02.24"]
[Round "1.27"]
[White "Bromann, Thorbjorn"]
[Black "Kleinert, Juergen"]
[Result "1-0"]
[WhiteElo "2434"]
[BlackElo "2004"]
[PlyCount "49"]
[EventDate "2010.02.24"]

1. d4 d5 2. Nf3 a6 3. Bg5 Nf6 4. e3 Bg4 5. Bxf6 gxf6 6. c4 dxc4 7. Bxc4 e6 8.
Nbd2 c5 9. dxc5 Bxc5 10. O-O Nc6 11. Qc2 Qe7 12. Rac1 Bd6 13. h3 Bf5 14. Bd3
Bg6 15. Ne4 O-O 16. Qb3 Ne5 17. Nxe5 Bxe5 18. Nc5 Bd6 19. Bxg6 hxg6 20. Ne4 Be5
21. f4 Bb8 22. Rfd1 f5 23. Rd7 Qh4 24. Ng5 b5 25. Rxf7 1-0

[Event "Reykjavik Open 2010"]
[Site "Reykjavik City Hall"]
[Date "2010.02.24"]
[Round "1.28"]
[White "Yurenok, Maria S"]
[Black "Gunnarsson, Jon Viktor"]
[Result "0-1"]
[WhiteElo "1974"]
[BlackElo "2429"]
[PlyCount "118"]
[EventDate "2010.02.24"]

1. d4 Nf6 2. c4 c5 3. d5 b5 4. a4 bxc4 5. Nc3 d6 6. e4 g6 7. f4 Bg7 8. Bxc4 O-O
9. Nf3 Ba6 10. Bb5 Bxb5 11. axb5 Nbd7 12. O-O Nb6 13. Qe1 Qd7 14. Qh4 Qg4 15.
Qxg4 Nxg4 16. h3 Nf6 17. Bd2 Nfd7 18. b3 f5 19. Ng5 fxe4 20. Ngxe4 Bxc3 21.
Nxc3 Nf6 22. f5 Nfxd5 23. Nxd5 Nxd5 24. g4 gxf5 25. gxf5 Rfb8 26. Ra5 Kf7 27.
Kh2 Rb7 28. Bg5 Rab8 29. Rd1 Nf6 30. Rd3 Rxb5 31. Rxa7 R8b7 32. Rxb7 Rxb7 33.
Kg2 Nd7 34. Kg3 Ne5 35. Re3 Nc6 36. Kg4 Nd4 37. Kf4 h5 38. Bh4 d5 39. Ke5 Rd7
40. Rc3 Nc6+ 41. Kf4 Nb4 42. Kf3 Na6 43. Ke2 d4 44. Rf3 Nb4 45. f6 e5 46. Rf5
Ke6 47. Rxh5 Nd5 48. Rh6 Rf7 49. Rh8 Nxf6 50. Rb8 Nd5 51. Re8+ Kf5 52. Bg3 Nf4+
53. Kf3 Ne6 54. Rg8 e4+ 55. Ke2 Ra7 56. Rh8 Ra2+ 57. Kd1 Rg2 58. Bd6 e3 59. Rh4
d3 0-1

[Event "Reykjavik Open 2010"]
[Site "Reykjavik City Hall"]
[Date "2010.02.24"]
[Round "1.29"]
[White "Thorhallsson, Throstur"]
[Black "Brynjarsson, Helgi"]
[Result "1-0"]
[WhiteElo "2426"]
[BlackElo "1964"]
[PlyCount "75"]
[EventDate "2010.02.24"]

1. e4 e5 2. Nf3 Nc6 3. Bc4 Bc5 4. c3 Nf6 5. Qe2 d6 6. d3 h6 7. Nbd2 Bg4 8. h3
Bh5 9. Nf1 Na5 10. Bb5+ c6 11. Ba4 b5 12. Bc2 Bb6 13. g4 Bg6 14. Be3 Nd7 15.
Ng3 Bxe3 16. fxe3 d5 17. Nf5 Bxf5 18. exf5 Qe7 19. e4 b4 20. exd5 cxd5 21. Ba4
f6 22. Qd2 Rb8 23. O-O bxc3 24. Qxc3 Nb7 25. Rac1 O-O 26. Bc6 Nb6 27. b4 Qd6
28. Bxb7 Rxb7 29. Qc5 Rd8 30. a3 e4 31. Qxd6 Rxd6 32. Nd4 exd3 33. Rfd1 Nc4 34.
Rxd3 Ra6 35. Ne6 Rxa3 36. Rxa3 Nxa3 37. Rc8+ Kf7 38. Nd8+ 1-0

[Event "Reykjavik Open 2010"]
[Site "Reykjavik City Hall"]
[Date "2010.02.24"]
[Round "1.31"]
[White "Karavade, Eesha"]
[Black "Thorsteinsdottir, Hallgerdur"]
[Result "1-0"]
[WhiteElo "2405"]
[BlackElo "1946"]
[PlyCount "29"]
[EventDate "2010.02.24"]

1. d4 Nf6 2. c4 g6 3. Nc3 d5 4. cxd5 Nxd5 5. Bd2 Bg7 6. e4 Nb6 7. Be3 O-O 8. h3
f5 9. exf5 Bxf5 10. Nf3 c6 11. Qb3+ Kh8 12. Be2 Qd6 13. Ng5 Qf6 14. g4 Bc8 15.
Nce4 1-0

[Event "Reykjavik Open 2010"]
[Site "Reykjavik City Hall"]
[Date "2010.02.24"]
[Round "1.37"]
[White "Gislason, Gudmundur"]
[Black "Fridthjofsdottir, Sigurl  Regin"]
[Result "1-0"]
[WhiteElo "2382"]
[BlackElo "1809"]
[PlyCount "83"]
[EventDate "2010.02.24"]

1. d4 d5 2. c4 dxc4 3. e3 Nf6 4. Bxc4 e6 5. Nf3 a6 6. a4 Nc6 7. O-O Be7 8. Nc3
Nb4 9. e4 c6 10. a5 O-O 11. Be3 Qc7 12. Qb3 Rd8 13. Ra4 c5 14. dxc5 Nc6 15. Qa2
Ng4 16. Bc1 Nd4 17. e5 Nxf3+ 18. gxf3 Nxe5 19. Be2 Bd7 20. Rf4 Ng6 21. Rg4 h5
22. Rxg6 fxg6 23. Ne4 Kh8 24. b4 Rf8 25. Kh1 e5 26. Rg1 Bf5 27. Bc4 Rad8 28.
Be3 Qc6 29. Qc2 Rd7 30. Bb3 Bxe4 31. fxe4 Qf6 32. Qe2 Qf3+ 33. Qxf3 Rxf3 34.
Rxg6 Rf6 35. Rg5 g6 36. Rxe5 Kg7 37. Rd5 Rc7 38. Bd4 Rcc6 39. Rd7 Kf8 40. Rxb7
Rc8 41. Bxf6 Bxf6 42. Rf7+ 1-0

[Event "Reykjavik Open 2010"]
[Site "Reykjavik City Hall"]
[Date "2010.02.24"]
[Round "1.39"]
[White "Sareen, Vishal"]
[Black "Sverrisson, Nokkvi"]
[Result "1/2-1/2"]
[WhiteElo "2364"]
[BlackElo "1784"]
[PlyCount "30"]
[EventDate "2010.02.24"]

1. e4 c5 2. Nf3 d6 3. d4 cxd4 4. Nxd4 Nf6 5. Nc3 a6 6. Bc4 e6 7. Bb3 b5 8. Qf3
Bb7 9. Bg5 Nbd7 10. O-O-O Nc5 11. Rhe1 Be7 12. Qh3 Nfxe4 13. Bxe7 Qxe7 14. Nxe4
Bxe4 15. Qg3 g6 1/2-1/2

[Event "Reykjavik Open 2010"]
[Site "Reykjavik City Hall"]
[Date "2010.02.24"]
[Round "1.40"]
[White "Palsson, Svanberg Mar"]
[Black "Zaremba, Andrie"]
[Result "0-1"]
[WhiteElo "1769"]
[BlackElo "2360"]
[PlyCount "44"]
[EventDate "2010.02.24"]

1. d4 d5 2. c4 c6 3. cxd5 cxd5 4. Nc3 Nf6 5. Bf4 Nc6 6. Rc1 e6 7. e3 Bd6 8.
Bxd6 Qxd6 9. Nf3 O-O 10. Bd3 a6 11. g4 e5 12. g5 Nd7 13. dxe5 Ndxe5 14. Nxe5
Qxe5 15. Nxd5 Qxg5 16. h4 Qg2 17. Qh5 g6 18. Nf6+ Kg7 19. Qg5 Qxh1+ 20. Ke2
Qxc1 21. Nh5+ Kg8 22. Qf6 Bg4+ 0-1

[Event "Reykjavik Open 2010"]
[Site "Reykjavik City Hall"]
[Date "2010.02.24"]
[Round "1.42"]
[White "Helgadottir, Sigridur Bjorg"]
[Black "Olsen, Heini"]
[Result "1/2-1/2"]
[WhiteElo "1725"]
[BlackElo "2355"]
[PlyCount "72"]
[EventDate "2010.02.24"]

1. c4 Nf6 2. Nc3 c5 3. g3 e6 4. Bg2 d5 5. cxd5 exd5 6. d3 d4 7. Ne4 Nxe4 8.
Bxe4 Be7 9. Bd2 O-O 10. Nf3 Nd7 11. Bf5 Ne5 12. Be4 Ng4 13. O-O Nf6 14. Rc1
Nxe4 15. dxe4 b5 16. Bf4 Bb7 17. Qd3 Qb6 18. b4 c4 19. Qxd4 Qa6 20. a3 Rfd8 21.
Qe3 Qg6 22. Nd4 a6 23. f3 Rd7 24. Rfd1 Rad8 25. Rd2 Bf8 26. Rcd1 a5 27. Nxb5
Rxd2 28. Rxd2 Rxd2 29. Qxd2 Qb6+ 30. Nd4 axb4 31. axb4 Bxb4 32. Qd1 Bc5 33. Be3
h5 34. h4 Qd6 35. Kf2 c3 36. Qd3 Bxd4 1/2-1/2

[Event "Reykjavik Open 2010"]
[Site "Reykjavik City Hall"]
[Date "2010.02.24"]
[Round "1.43"]
[White "Lagerman, Robert"]
[Black "Antonsson, Atli"]
[Result "0-1"]
[WhiteElo "2347"]
[BlackElo "1716"]
[PlyCount "108"]
[EventDate "2010.02.24"]

1. e4 e6 2. d4 d5 3. Nd2 Nf6 4. e5 Nfd7 5. Bd3 c5 6. c3 Nc6 7. Ngf3 g6 8. O-O
Bg7 9. a3 a5 10. Re1 O-O 11. Nf1 cxd4 12. cxd4 f6 13. exf6 Qxf6 14. Bg5 Qf7 15.
Be3 e5 16. Ng5 Qf6 17. Nxh7 Kxh7 18. Qh5+ Kg8 19. Bxg6 Rf7 20. dxe5 Ndxe5 21.
Qh7+ Kf8 22. Bxf7 Kxf7 23. Ng3 Bg4 24. Nh5 Bxh5 25. Qxh5+ Qg6 26. Qxg6+ Nxg6
27. Rad1 d4 28. Bc1 a4 29. f4 Nge7 30. g4 Rd8 31. Rd3 Nd5 32. Kg2 Na5 33. f5
Nb3 34. Bg5 Bf6 35. Bxf6 Nf4+ 36. Kf1 Kxf6 37. Rdd1 Kg5 38. Re7 Kxg4 39. f6 Rf8
40. Rg7+ Kf5 41. Rxb7 d3 42. f7 Kg6 43. Kf2 Nc5 44. Ra7 Nfe6 45. Ke3 Rh8 46.
Rg1+ Kf6 47. h4 Rxh4 48. Rf1+ Ke5 49. f8=Q Nxf8 50. Rxf8 Rh3+ 51. Kd2 Ne4+ 52.
Ke1 Rh1+ 53. Rf1 d2+ 54. Ke2 Rxf1 0-1

[Event "Reykjavik Open 2010"]
[Site "Reykjavik City Hall"]
[Date "2010.02.24"]
[Round "1.44"]
[White "Karlsson, Mikael Johann"]
[Black "Westerinen, Heikki M J"]
[Result "0-1"]
[WhiteElo "1714"]
[BlackElo "2333"]
[PlyCount "88"]
[EventDate "2010.02.24"]

1. c4 e5 2. g3 Nf6 3. Bg2 Bc5 4. e3 O-O 5. Nc3 Re8 6. Nge2 e4 7. Qc2 Qe7 8. O-O
d6 9. Nf4 c6 10. h3 Nbd7 11. a3 a5 12. Rb1 g5 13. Nfe2 d5 14. cxd5 cxd5 15. d3
Nf8 16. dxe4 dxe4 17. Rd1 b6 18. Na4 Ba6 19. Nxc5 Qxc5 20. Qxc5 bxc5 21. Nc3
Bd3 22. Ra1 c4 23. Nb5 Ne6 24. Bd2 Reb8 25. Nd6 Nc5 26. Bc3 Rb6 27. Bxf6 Rxd6
28. Be7 Rd5 29. f3 Nb3 30. fxe4 Re5 31. Bf6 Re6 32. e5 Rae8 33. Bd5 Rxf6 34.
exf6 Nxa1 35. Rxa1 Rxe3 36. Rd1 h6 37. Rd2 Rxg3+ 38. Kh2 Re3 39. Rf2 Re5 40.
Bb7 Kh7 41. Bc8 Kg6 42. Bd7 Re2 43. Rxe2 Bxe2 44. Bb5 Kxf6 0-1